| 000 | 00522 a2200169 4500 | ||
|---|---|---|---|
| 005 | 20250404071705.0 | ||
| 020 | _a9780-07-337365-2 | ||
| 082 | _a519. 5 DOA | ||
| 100 | _aDOANE, D.P. | ||
| 245 | _aEssential Statistics in Business & Economics. | ||
| 250 | _a2nd Ed. | ||
| 260 |
_aNew York, _bMcgraw- Hill Irwin, _c2010. |
||
| 300 |
_axxii,617p.: Ill.;figures, picture& tables. _bIndex _c27CM. |
||
| 700 | _aSEWARD, L.E. | ||
| 856 |
_yAccess Online Book. _fEssential statistics _dwww.mhhe.com/doaneess2e |
||
| 942 |
_2ddc _cBKS |
||
| 999 |
_c1126 _d1126 |
||